|
|
|
|
| LEADER |
00000nab a2200000 a 4500 |
| 001 |
vtls000771389 |
| 003 |
SK-MaSNL |
| 005 |
20260305012455.0 |
| 008 |
160405c2001 xo 0 eng |
| 015 |
|
|
|a SNBRB2001/11-31541
|
| 035 |
|
|
|a CLN000123176
|
| 040 |
|
|
|a SNKBUCL
|b slo
|c SNKBUCL
|e AACR2
|
| 041 |
0 |
|
|a eng
|
| 044 |
|
|
|a xo
|c SK
|
| 080 |
|
|
|a 582.288(430)(048)
|2 1997
|
| 080 |
|
|
|a 582.29(430)(048)
|2 1997
|
| 100 |
1 |
|
|a Pišút, Ivan,
|d 1935-2017
|4 aut
|9 259229
|
| 245 |
1 |
0 |
|a Scholz, P.: Katalog der Flechten und flechtenbewohnenden Pilze Deutschlands
|c Ivan Pišút
|
| 650 |
0 |
7 |
|a huby
|2 SNKPH
|9 3562
|
| 650 |
0 |
7 |
|a lišajníky
|2 SNKPH
|9 3713
|
| 650 |
0 |
7 |
|a knižné prehľady
|2 SNK
|9 843340
|
| 650 |
0 |
7 |
|a druhová špecifickosť
|2 SNK
|9 1257352
|
| 650 |
0 |
7 |
|a genetika
|2 SNKPH
|9 698
|
| 650 |
0 |
7 |
|a porovnávacia anatómia
|2 SNKPH
|9 2597
|
| 650 |
0 |
7 |
|a klasifikácia
|2 SNKPH
|9 3849
|
| 650 |
0 |
7 |
|a metódy
|2 SNKPH
|9 3855
|
| 650 |
0 |
7 |
|a trendy
|2 SNK
|9 367024
|
| 650 |
0 |
7 |
|a rast rastlín
|2 SNKPH
|9 29218
|
| 651 |
|
7 |
|a Nemecko
|2 SNKPHgeo
|9 21020
|
| 655 |
|
7 |
|a články z novín a časopisov
|2 SNK
|9 267496
|
| 655 |
|
7 |
|a recenzie
|2 SNKPH
|9 21907
|
| 773 |
0 |
|
|t Biologia
|g Roč. 56, č. 1 (2001), s. 32
|x 0006-3088
|
| 787 |
0 |
8 |
|i Rec.:
|a Scholz, P.
|t Katalog der Flechten und flechtenbewohnenden Pilze Deutschlands
|d Bonn-Bad Godesberg : Bundesamt für Naturschutz, 2000
|
| 850 |
|
|
|a Slovenská národná knižnica v Martine
|
| 852 |
|
|
|a SNK
|b KIS3GCP
|
| 958 |
|
|
|a RC
|
| 958 |
|
|
|a DE
|
| 992 |
|
|
|a RBX
|
| 999 |
|
|
|c 3257708
|d 3259638
|